Antidiskriminačný zákon v dikcii Zákonníka práce

Uplatňovanie zásady rovnakého zaobchádzania a zákaz diskriminácie z akéhokoľvek dôvodu zakotvené v Antidiskriminačnom zákone, ktorý nadobudol účinnosť 1.7.2004. Základné pojmy týkajúce sa foriem diskriminácie. Zákon prebral právne akty Európskej únie pre rovnaké zaobchádzanie v zamestnaní a povolan...

Descripción completa

Guardado en:
Detalles Bibliográficos
Autor principal: Rusnáková, Slavomíra
Formato: Capítulo de libro
Lenguaje:eslovaco
Materias:
Etiquetas: Agregar Etiqueta
Sin Etiquetas, Sea el primero en etiquetar este registro!

MARC

LEADER 00000naa$a2200000$$$4500
001 0036927
005 20230720074415.0
041 0 |a slo 
044 |a SK 
245 1 0 |a Antidiskriminačný zákon v dikcii Zákonníka práce  |c Slavomíra Rusnáková 
520 |a Uplatňovanie zásady rovnakého zaobchádzania a zákaz diskriminácie z akéhokoľvek dôvodu zakotvené v Antidiskriminačnom zákone, ktorý nadobudol účinnosť 1.7.2004. Základné pojmy týkajúce sa foriem diskriminácie. Zákon prebral právne akty Európskej únie pre rovnaké zaobchádzanie v zamestnaní a povolaní. Zákaz sexuálneho obťažovania na pracovisku ako súčasť práva na ľudskú dôstojnosť a práva na rovnaké zaobchádzanie. Orgán na ochranu osôb, ktoré sa cítia byť diskriminované. Výnimky zo zásady rovnakého zaobchádzania. Právna ochrana vo veciach porušenia zásady rovnakého zaobchádzania. 
610 2 0 |a práva ľudské 
610 2 0 |a ochrana práv občanov 
610 2 0 |a diskriminácia 
610 2 0 |a náboženstvo 
610 2 0 |a kvalifikácia 
610 2 0 |a ženy 
610 2 0 |a muži 
610 2 0 |a zamestnávatelia 
610 2 0 |a zamestnanci 
610 2 0 |a legislatíva 
610 2 0 |a aproximácia práva 
100 1 |a Rusnáková, Slavomíra